Political parties and party systems / (Record no. 586449)

000 -LEADER
fixed length control field 01197cam a2200313 a 4500
001 - CONTROL NUMBER
control field 4924818
003 - CONTROL NUMBER IDENTIFIER
control field NUST
005 - DATE AND TIME OF LATEST TRANSACTION
control field 20210909103533.0
008 - FIXED-LENGTH DATA ELEMENTS--GENERAL INFORMATION
fixed length control field 950414s1996 enka b 001 0 eng
010 ## - LIBRARY OF CONGRESS CONTROL NUMBER
LC control number 95018012
020 ## - INTERNATIONAL STANDARD BOOK NUMBER
International Standard Book Number 0198780761 (acidfree paper)
020 ## - INTERNATIONAL STANDARD BOOK NUMBER
International Standard Book Number 019878077X (pbk. : acidfree paper)
038 ## - RECORD CONTENT LICENSOR
Staff Name Muhammad Ibrah
040 ## - CATALOGING SOURCE
Original cataloging agency DLC
Transcribing agency DLC
Modifying agency DLC
050 00 - LIBRARY OF CONGRESS CALL NUMBER
Classification number JF2011
Item number .W37 1996
082 00 - DEWEY DECIMAL CLASSIFICATION NUMBER
Classification number 324.2
Edition number 20
Author Mark WAR 1996
100 1# - MAIN ENTRY--PERSONAL NAME
Personal name Ware, Alan.
9 (RLIN) 82293
245 10 - TITLE STATEMENT
Title Political parties and party systems /
Statement of responsibility, etc. Alan Ware.
260 ## - PUBLICATION, DISTRIBUTION, ETC.
Place of publication, distribution, etc. Oxford ;
-- New York :
Name of publisher, distributor, etc. Oxford University Press,
Date of publication, distribution, etc. 1996.
300 ## - PHYSICAL DESCRIPTION
Extent xix, 435 p. :
Other physical details ill. ;
Dimensions 25 cm.
504 ## - BIBLIOGRAPHY, ETC. NOTE
Bibliography, etc. note Includes bibliographical references (p. [404]-415) and index.
563 ## - BINDING INFORMATION
Binding note PB
650 #0 - SUBJECT ADDED ENTRY--TOPICAL TERM
Topical term or geographic name entry element Political parties.
9 (RLIN) 33076
856 42 - ELECTRONIC LOCATION AND ACCESS
Materials specified Publisher description
Uniform Resource Identifier <a href="http://www.loc.gov/catdir/enhancements/fy0605/95018012-d.html">http://www.loc.gov/catdir/enhancements/fy0605/95018012-d.html</a>
856 42 - ELECTRONIC LOCATION AND ACCESS
Materials specified Contributor biographical information
Uniform Resource Identifier <a href="http://www.loc.gov/catdir/enhancements/fy0726/95018012-b.html">http://www.loc.gov/catdir/enhancements/fy0726/95018012-b.html</a>
906 ## - LOCAL DATA ELEMENT F, LDF (RLIN)
a 7
b cbc
c orignew
d 1
e ocip
f 19
g y-gencatlg
942 ## - ADDED ENTRY ELEMENTS (KOHA)
Source of classification or shelving scheme
Koha item type Book
Holdings
Withdrawn status Lost status Source of classification or shelving scheme Damaged status Not for loan Permanent Location Current Location Date acquired Total Checkouts Full call number Barcode Date last seen Price effective from Koha item type
          Centre for International Peace & Stability (CIPS) Centre for International Peace & Stability (CIPS) 08/06/2021   324.2 WAR 1996 CIPSD0000588 09/09/2021 09/09/2021 Book
© 2023 Central Library, National University of Sciences and Technology. All Rights Reserved.